Environmental planning for sustainable development approach (Record no. 186284)

MARC details
000 -LEADER
fixed length control field 00449nam a2200169Ia 4500
008 - FIXED-LENGTH DATA ELEMENTS--GENERAL INFORMATION
fixed length control field 231217s9999 xx 000 0 und d
020 ## - INTERNATIONAL STANDARD BOOK NUMBER
International Standard Book Number 8170993873
041 ## - LANGUAGE CODE
Language code of text/sound track or separate title English
082 ## - DEWEY DECIMAL CLASSIFICATION NUMBER
Classification number 628 MAI;1 R
100 ## - MAIN ENTRY--PERSONAL NAME
Personal name Maitthani, B P. Sankar, T L For.
245 #0 - TITLE STATEMENT
Title Environmental planning for sustainable development approach
250 ## - EDITION STATEMENT
Edition statement 1st ed.
260 ## - PUBLICATION, DISTRIBUTION, ETC.
Date of publication, distribution, etc. 1992
Name of publisher, distributor, etc. Mittal
Place of publication, distribution, etc. New Delhi
300 ## - PHYSICAL DESCRIPTION
Extent xiv, 140
650 ## - SUBJECT ADDED ENTRY--TOPICAL TERM
Topical term or geographic name entry element planning
942 ## - ADDED ENTRY ELEMENTS (KOHA)
Koha item type Books
Holdings
Date last seen Total checkouts Full call number Accession number Cost, total (INR) price Price effective from Category Lost status Damaged status Department Withdrawn status Home library Current library Shelving location Entry date Vendor Cost, normal purchase price Grants Billnumber Billdate Currency symbol Conversion rate Discount Old discount
26/01/2024   628 MAI;1 R 61163 371.25 26/01/2024 Books     Central Library   Central Library Central Library Central Library 02/07/2010 Royal Biblioman 495.00 MATHS RB-068 25/02/2014 RS 1 123.75 25

© For any Suggestions or Query, please contact the library staff @ librarian@pes.edu or Phone: +9180 2672 1983/ 2108.